Harry Potter: les Dragons - Statistiques

Statistiques générales
  • Ce quiz a été pris 137 fois
    113 depuis la dernière actualisation
  • Le résultat moyen est 10 sur 14
Statistiques - réponses
Information Réponse % Correct
Champion du tournoi des 3 sorciers qui l'a affronté Harry Potter
91%
Champion du tournoi des 3 sorciers qui l'a affronté Cédric Digorry
85%
Champion du tournoi des 3 sorciers qui l'a affronté Viktor Krum
85%
Champion du tournoi des 3 sorciers qui l'a affronté Fleur Delacour
84%
Derniere apparition Harry Potter et les Reliques de la Mort
81%
Première apparition Harry Potter à l'école des sorciers
80%
Description Grand reptile avec des ailes
75%
Espèce connue Magyar à pointes
75%
Partie des dragons utilisée comme cœur de baguette Ventricule
71%
Espèce connue Vert Gallois
69%
Espèce connue Boutefeu chinois
61%
Espèce connue Norvégien à crête
51%
Espèce connue Suédois à museau court
51%
Statut Animal
35%
Aucun quiz correspondant
Distribution des résultats
% des personnes avec chaque résultat
Percentile par nombre de réponses
Votre historique - résultats
Vous n’avez pas pris ce quiz depuis la dernière actualisation